1060 ejercicios y juegos de natación

Furkejuvvon:
Bibliográfalaš dieđut
Váldodahkkit: Lanuza Arús, Francesc de (Dahkki), Torres Beltrán, Antonio (Dahkki)
Materiálatiipa: Girji
Giella:espánnjágiella
Almmustuhtton: Barcelona Paidotribo 2006
Preanttus:10a. ed
Ráidu:Colección Deporte
Fáttát:
Fáddágilkorat: Lasit fáddágilkoriid
Eai fáddágilkorat, Lasit vuosttaš fáddágilkora!

MARC

LEADER 00000nam a2200000 a 4500
001 UCI9496
003 CL-VaPUC
008 081120e20060000SP |||||||||||||||||spa|d
020 |a 8486475287 
082 0 4 |a 797.21  |b LAN  |2 21 
100 |a Lanuza Arús, Francesc de  |e author  |9 551929 
700 0 |a Torres Beltrán, Antonio  |e author  |9 533289 
245 1 0 |a 1060 ejercicios y juegos de natación 
250 |a 10a. ed 
300 |a 419 p 
942 |c BK 
945 |d 20081120 00:00:00  |a jtorresc 
260 |a Barcelona  |b Paidotribo  |c 2006 
650 0 |a Natación  |9 307454 
650 7 |a DEPORTES ACUATICOS  |2 CL-VaPUC  |9 262007 
583 |a last modification  |c 20081120 00:00:00  |k Rodrigo Vera 
490 0 |a Colección Deporte 
999 |c 332020  |d 332018 
952 |0 0  |1 0  |4 0  |6 797_210000000000000_LAN_2006  |7 0  |8 A  |9 419351  |a BIBEDU  |b BIBEDU  |d 2019-11-22  |i 4497627  |l 1  |o 797.21 LAN 2006  |p 4497627  |r 2024-04-08  |s 2024-04-08  |w 2019-11-22  |y BK  |k EFI 
952 |0 0  |1 0  |4 0  |6 797_210000000000000_LAN_2006  |7 0  |8 A  |9 419352  |a BIBEDU  |b BIBEDU  |d 2019-11-22  |i 4497635  |o 797.21 LAN 2006  |p 4497635  |r 2019-11-22  |w 2019-11-22  |y BK  |k EFI